[Event "EU-ch 15th"]
[Site "Yerevan"]
[Date "2014.03.13"]
[Round "10"]
[White "Popov, Ivan1"]
[Black "Eljanov, Pavel"]
[Result "0-1"]
[WhiteElo "2650"]
[BlackElo "2723"]
[Annotator "Eljanov,P"]
[PlyCount "72"]
[EventDate "2014.03.03"]
[EventType "swiss"]
[EventRounds "11"]
[EventCountry "ARM"]
[SourceTitle "CBM 160"]
[Source "ChessBase"]
[SourceDate "2014.05.15"]
[SourceVersion "1"]
[SourceVersionDate "2014.05.15"]
[SourceQuality "1"]

1. e4 e5 2. Nf3 Nc6 3. Nc3 Nf6 4. Bb5 Bd6 $5 {An interesting way to get a
playable position without forced theory in the main lines.} 5. O-O O-O 6. d3 a6
({Somehow I missed in my home preparation that this position had already
occurred in the practice of my opponent. It was interesting to see what Ivan
had prepared after} 6... Re8 $5 7. Bg5 ({an obvious prophylaxis looks the most
logical} 7. a3 {but here there is also the interesting} Nd4 $5 8. Nxd4 exd4 9.
Ne2 c6 10. Bc4 Bc7 $5 11. Nxd4 d5 12. exd5 Bg4 $44 {for a pawn Black has rich
play}) (7. Bxc6 $6 {is the way Ivan had played previously but White can't
calim to have an advantage - it turns out to be a great version of Anti-Berlin
for Black} dxc6 8. h3 Nd7 9. Be3 c5 10. Nd2 Nf8 11. Nc4 Ne6 12. Nxd6 Qxd6 13.
Ne2 b6 14. f4 exf4 15. Nxf4 Bb7 16. Nxe6 Rxe6 17. b3 Rae8 18. Bf4 Qd7 19. Kh2
f5 20. e5 g5 21. Bxg5 Rg6 22. Qh5 Rxe5 23. h4 Qg7 24. Rae1 h6 25. Qxg6 Qxg6 26.
Rxe5 Qc6 27. Rf2 hxg5 28. Rexf5 Qd6+ 29. Kg1 gxh4 30. Rg5+ Kh7 31. Rh5+ Kg6 32.
Rxh4 Qg3 33. Rh3 Qg5 34. Kh2 Qe5+ 35. Rg3+ Kh6 36. Rf7 Bc8 37. Rff3 Bg4 38. Re3
Qd6 39. Re4 Bh5 40. Rh4 a5 41. Rhh3 Qe5 42. a4 Qc3 43. Rg8 Qe5+ 44. Rgg3 c6 45.
Kh1 b5 46. Rg8 bxa4 47. bxa4 Qa1+ 48. Kh2 Qe5+ 49. Kh1 Qd4 50. Kh2 {0-1 (50)
Popov,I (2656)-Malakhov,V (2707) Moscow 2013}) 7... Nd4 $5 {The main idea is
that white bishop is under attack now} 8. Nxd4 exd4 9. Nd5 $1 {engines
underestimate this move initially although it is objectively the strongest} (9.
Ne2 $2 Bxh2+ $17) (9. Nb1 c6 10. Bc4 Bc7 $36) 9... c6 10. f4 (10. Nxf6+ gxf6
11. Bh6 f5 $15) 10... cxd5 11. e5 Bxe5 {the safest} (11... Bf8 12. exf6 Qa5 13.
Re1 $1 Re3 14. f5 $40) 12. fxe5 Rxe5 13. Bxf6 gxf6 14. Qg4+ Kh8 15. Qxd4 d6 {
White's advantage here is minimal as the bishop on b5 is out of play.}) 7. Ba4
h6 8. a3 Re8 9. Be3 Bf8 10. Bb3 d6 11. h3 Be6 12. Bxe6 ({During the game I
thought the only opportunity to fight for advantage was} 12. Nd5 Nb8 $5 (12...
Bxd5 13. exd5 Ne7 14. c4 Rb8 15. Re1 g6 16. Qc2 Bg7 17. Rac1 {the position is
complicated but more pleasant for White}) 13. c4 (13. Nxf6+ Qxf6 14. Bxe6 Qxe6
$11) 13... Nbd7 14. Nc3 c6 15. d4 exd4 16. Nxd4 Nc5 17. f3 Qb6 $132) 12... fxe6
13. Ne2 d5 14. Ng3 Bd6 (14... a5 $5) 15. c4 d4 $1 16. Bd2 a5 $1 $132 {Black is
just in time to organise counterplay on the queenside.} 17. b3 ({White could
simplify the position, which may be the best decision} 17. b4 $5 axb4 18. axb4
Rxa1 19. Qxa1 Bxb4 20. Bxb4 Nxb4 21. Nxe5 $11) 17... Qe7 18. Bc1 Rf8 19. h4 $6
{A positional mistake possibly based on a miscalculation.} Ng4 $1 20. h5 ({
Quite possibly my opponent intended} 20. Ng5 $2 {but after} Ne3 $1 {White's
position is falling apart like a house of cards} 21. fxe3 hxg5 $19) 20... Bc5
21. Ra2 b6 {White forced to wait but still it's also difficult for Black to
strengthen his position.} 22. Qe2 Rab8 23. Qd1 Rbe8 24. Qe2 Nb8 25. Rd1 Nd7 26.
Nf1 Rf7 $6 {This loses a tempo as my rook is not very well placed here.} (26...
Qf7 27. N3h2 Nxh2 28. Nxh2 Bd6 29. Nf1 Rb8 30. a4 c6 $15) 27. N1h2 Nxh2 28.
Nxh2 Bd6 29. Qg4 Rf6 30. Qh4 Rff8 31. Qxe7 Rxe7 32. Bd2 $2 {An inexplicable
blunder.} ({After the logical} 32. Ng4 {White is a bit worse but with accurate
play it should be a draw} Rb8 (32... Kh7 33. f3 Nf6 34. Nxf6+ gxf6 35. Kf2) 33.
Rc2 Kh7 34. f3 Ree8 35. a4) 32... Nc5 33. Kf1 $2 {Another blunder.} (33. Be1
Nxb3 $17) 33... Nxd3 34. Bg5 Rxf2+ $1 35. Rxf2 Nxf2 36. Kxf2 hxg5 ({White
could prolong his resistance in this hopeless position but Ivan could not find
the strength to do so:} 36... hxg5 37. g3 Bxa3 38. Nf3 Kh7 39. Nxe5 Bd6 $19)
0-1

[Event "Budapest Novotel-B"]
[Site "Budapest"]
[Date "2004.08.19"]
[Round "1"]
[White "Erenburg, Sergey"]
[Black "Banusz, Tamas"]
[Result "1-0"]
[WhiteElo "2533"]
[BlackElo "2389"]
[Annotator "Erenburg,S"]
[PlyCount "89"]
[EventDate "2004.08.??"]
[EventType "tourn"]
[EventRounds "9"]
[EventCountry "HUN"]
[EventCategory "9"]
[SourceTitle "CBM 103"]
[Source "ChessBase"]
[SourceDate "2004.11.11"]
[SourceVersion "1"]
[SourceVersionDate "2004.11.11"]
[SourceQuality "1"]

1. e4 e5 2. Nf3 Nf6 3. Nc3 Nc6 4. Bb5 Bc5 5. d3 {Alternative continuation is} (
5. Nxe5 Nxe5 6. d4 Bd6 7. f4 Nc6 8. e5 Be7 9. d5 Nb4 10. exf6 Bxf6 11. a3 Bxc3+
12. bxc3 Na6 13. O-O O-O 14. f5 Qf6 15. Be3 $16 {0-1 Tzermiadianos,
A-Mastrovasilis,D/Athens 2002/CBM 91 ext (36)}) 5... d6 6. h3 {preventing the
pin along the diagonal h5-d1. White has the following possibilities as well:} (
6. Na4 Bb6 7. c3 O-O 8. h3 Ne7 9. Nxb6 axb6 10. Ba4 Ng6 11. Bc2 h6 12. O-O d5
13. d4 Nxe4 14. dxe5 Be6 15. Re1 Nh4 16. Nd4 $16 {1-0 Svidler,P-Vallejo Pons,F/
Rapid KO, Leon ESP 2004 (34)}) (6. Be3 {1-0 Wahls,M-Wegner,H/Hamburg 1991/CBM
24/[Schussler] (48)}) 6... h6 7. Bxc6+ $146 {worsening black's pawn structure.
According to my database, this move is novelty.} (7. Na4 $5 {is again logical
alternative to the move in the game.}) ({In the previous game white tried} 7.
Ba4 Bd7 8. Ne2 O-O 9. c3 Qe8 10. Bb3 Ne7 11. Ng3 Ng6 12. O-O Bb6 13. Be3 Rd8
14. Qd2 Kh7 15. Rae1 Be6 16. Bxe6 fxe6 {1/2-1/2 Fox,A-Skelton,A/Bunratty 1998/
CBM 62 ext (16)}) 7... bxc6 8. Ne2 {improving queenside knight position,
transfering it to kingside.} Qe7 {Black doesn't hurry with the castle, but he
waits for white's actions.} ({In case of} 8... O-O {white can play} 9. g4 {
[%cal Ye2g3] with possible attack on the black king.}) 9. Ng3 Nh7 {preparing
to occupy the g5 square by the knight.} 10. Be3 {changing one of the black's
bishops, thus, leaving black with passive light-squared one.} ({White had
possibility to play} 10. d4 {, but after} exd4 11. Nxd4 Bd7 12. O-O O-O {
black is near to equality.}) 10... Bxe3 ({After} 10... Bb6 {white can react
with immediate} 11. d4 $14) 11. fxe3 O-O 12. O-O f5 {Black carries out the
breakthrough f7-f5, preventing from white the occupation of f5 square.} 13.
exf5 Bxf5 14. Qd2 {adding the option of transfering the queen to queenside.}
Bg6 (14... Be6 {seems more logical.}) 15. e4 Rf7 16. Qa5 $1 $14 {emphasizing
the defects of black's pawn structure on the queenside.} a6 17. Nd2 {White is
ready to change the rooks, that will cause black serious problems with
defending of the weaknesses on the queenside.} Rxf1+ 18. Ndxf1 ({Probably
better was simple} 18. Rxf1 Qg5 19. Kh2 $14) 18... Nf8 $1 {getting the knight
into the game by transfering it to e6.} 19. Ne3 Ne6 20. Qa4 $2 {Inaccuracy,
which throws away the advantage...} ({Better was prophylactic move} 20. Kh2 $1
$14) 20... Qe8 $2 {missing more attractive continuation. Right was} (20... Qg5
$1 {and black gets counterchances, which are enough for an equality.}) 21. Ngf5
(21. Rf1 $14 {comes to consideration.}) 21... c5 22. Qc4 {avoiding the trade
of queens.} Bf7 23. Qc3 Kh7 {preparing to drive away the knight from f5 with
g7-g6.} 24. Qd2 $1 {White transfers all his forces to the kingside, where he
intends to manage the attack on the black monarch.} Qd8 {intending to take
control over h6-c1 diagonal.} 25. Rf1 {adding the rook to the attack on the
kingside.} Bg8 {Seems strange and passive, but it is second choice of Fritz!}
26. Rf3 {There were very interesting variations after occupation of d5 square
by the knight:} (26. Nd5 $5 Nd4 $1 27. Nxh6 $5 Bxd5 28. exd5 gxh6 29. c3 Nb5
30. a4 {getting the black knight out of the game.} Na7 31. Rf7+ Kg8 ({After} 
31... Kg6 {black loses:} 32. Qf2 Qg5 33. h4 $18) 32. Qf2 Qg5 33. Rf3 {
threatening with Rg3.} Kh7 34. h4 $1 Qh5 (34... Qg6 35. Rf7+ Kg8 36. Rf3 $11)
35. Rf7+ Kg8 36. Rxc7 Qg6 37. h5 Qxh5 38. Qf6 Qd1+ 39. Kh2 Qh5+ 40. Kg3 Qg5+
41. Qxg5+ hxg5 42. Kg4 Nc8 43. a5 Kf8 44. Kf5 $13) 26... Nf4 27. Kh2 {Very
strong prophylactic move, which is going to drive away the black knight from
f4.} Be6 28. g3 Nh5 {Black moved the knight to h5 in order to add it to the
defence from the f6 position.} (28... Ng6 29. h4 $36 {with following Ng4.} (29.
Ng4 Qg5 30. Qxg5 hxg5 31. b3 $14)) 29. h4 {taking control over g5 square and
preparing to play Ng4.} Nf6 {taking control over the g4 square.} 30. Kg1 $1 {
Another strong prophylactic move, which is going to prepare the moving of "g"
pawn.} ({Immediate} 30. g4 {is refuted by} Nxg4+ 31. Nxg4 Bxf5 $17) 30... Qe8 {
transfering the queen to kingside, hoping that it will help to protect the
vulnerable position of his monarch...} 31. g4 Qg6 32. Qg2 $36 Re8 {covering
the e7 square, thus, preparing to carry out the breakthrough d6-d5.} (32... d5
{is met by} 33. Ne7) 33. c4 $1 {White doesn't need to hurry with developing
with the initiative on the kingside, but first, he prevents from black to
create the counterplay through d6-d5.} (33. g5 Nh5 {and black's knight gets
good prospects.}) 33... Nd7 $6 {allowing white to get an obvious advantage.} (
33... Bg8 $14 {The waiting strategy was the least of the evils.}) 34. g5 $1 $16
{[%cal Yh4h5,Yf3g3] After black's knight left the f6 square and losy ability
to occupy the h5 square, white immediately plays g4-g5.} h5 {The only move.}
35. Ng3 {Now it is the right moment to open the "f" file for the heavy pieces.}
Nf8 36. Qf2 Kg8 37. Nd5 $1 {forcing black to take on d5, afterware white will
take control over important e6 square.} Bxd5 38. cxd5 Qh7 {preparing the
transfer of the knight to g6, from where it can occupy excelent stronghold f4.}
39. Rf7 Ng6 40. Qf5 (40. Rxc7 Rf8 {with following Nf4, with some compensation
for black. which is unsufficient for equality.}) 40... Rf8 (40... Nxh4 41. Qd7
$18) {[%tqu "En","Please find the strongest move for white.","","","f5e6","",
10]} 41. Qe6 $3 {[%mdl 640] Brilliant sacrifice of the rook! White uses the
terrible positions of black pieces.} ({Worse is} 41. Rxf8+ Nxf8 42. Qc8 g6 {
[%cal Yh7f7,Gh7d7,Yf7f4,Gf7f3] and it is not so clear how to get the advantage
here.}) ({Another nice attempt to fight for an advatage is the sacrifice of
the queen:} 41. Rxc7 Rxf5 42. Nxf5 $44 {and, probably, here white's chances
are better!}) 41... Rxf7 ({In case of} 41... Kh8 {white wins after} 42. Qxg6 $1
Qxg6 43. Rxf8+ Kh7 44. Nf5 {with following Ne7.}) 42. Nf5 $18 {Zugzwang! Black
is a rook up, he has three pieces, but none of them can move!} a5 {Other moves
lose immediately:} (42... Nf8 43. Ne7+ Kh8 44. Qxf7 $18) (42... Kf8 43. Qc8#) (
42... Nh8 43. Qe8+ Rf8 44. Ne7#) (42... Qh8 43. Qxg6 Kf8 (43... Qh7 44. Nh6+
$18) (43... Rxf5 44. exf5 Kf8 45. Qe6 $18) 44. Qe6 $18) 43. a4 Kh8 44. Qxf7 Nf4
45. Ne7 {mating.} 1-0

[Event "URS-ch58"]
[Site "Moscow"]
[Date "1991.??.??"]
[Round "9"]
[White "Nikolenko, Oleg"]
[Black "Makarichev, Sergey"]
[Result "1/2-1/2"]
[WhiteElo "2450"]
[BlackElo "2535"]
[Annotator "Ernst,T"]
[PlyCount "103"]
[EventDate "1991.11.??"]
[EventType "swiss"]
[EventRounds "11"]
[EventCountry "URS"]
[SourceTitle "URS-ch"]
[Source "ChessBase"]
[SourceDate "1999.07.01"]
[SourceVersion "1"]
[SourceVersionDate "1999.07.01"]
[SourceQuality "1"]

1. e4 e5 2. Nf3 Nf6 3. Nc3 Nc6 4. Bb5 Nd4 5. Ba4 Bc5 6. Nxe5 O-O 7. Nd3 Bb6 8.
e5 Ne8 9. Nd5 d6 10. Ne3 Qe7 $5 {Eine sehr interessante Neuerung in der
Rubinsteinvariante. Bisher wurde 10.-c6 und 10.-Dg5 versucht.} (10... Qg5 11.
f4 $6 Qh4+ 12. g3 Qh3 13. c3 $1 (13. Nf2 Qe6 $1 $40) 13... Nf5 14. Nf2 Nxe3 15.
dxe3 Qh6 $1 (15... Qg2 $2 16. Bc2 {/\ Be4}) 16. exd6 Nxd6 17. O-O Bf5 $44) (
10... c6 11. c3 Ne6 (11... Nf5) 12. O-O Bc7 13. f4 dxe5 14. Nxe5 Nxf4 $10) 11.
exd6 Nxd6 12. O-O c6 13. c3 N4f5 14. Ne1 Ne4 15. Bc2 Re8 16. d4 (16. Nf3 $5
Nxe3 17. fxe3 Bg4 18. Qe1 Rad8 19. Nd4 Bc7 $13) 16... Bc7 (16... Nxf2 $2 17.
Nxf5 Bxf5 18. Kxf2 Qh4+ 19. g3 $1 Qxh2+ 20. Ng2 Bh3 21. Rg1 Rad8 22. Bf4 $1 $18
{/\ g4}) 17. Nd3 (17. Nf3 Nxe3 (17... Nxf2 $4 18. Nxf5 $18) 18. Bxe3 (18. fxe3
Bg4 $44) 18... Bg4 19. h3 Bh5 20. Re1 Qf6 $1 $132 (20... Qd6 $2 21. g4 Bg6 22.
Ne5 f6 23. Bb3+ Kh8 24. Nxg6+ hxg6 25. Qf3 $1 $16)) (17. Nxf5 Bxf5 18. Nf3 Rad8
19. Re1 Qf6 $1 $132) 17... Qh4 18. Ne5 Bxe5 19. dxe5 Rxe5 20. f3 (20. Nxf5 Bxf5
$10) (20. Nc4 $5 Re8 21. Qf3 Nf6 $1 $8 22. Ne3 $1 Nxe3 23. Bxe3 Bg4 24. Qg3 $14
) 20... Nxe3 21. Bxe3 Nxc3 22. Qe1 Qe7 (22... Qxe1 $2 23. Rfxe1 Nd5 24. Bxa7 $1
Rxe1+ 25. Rxe1 Be6 26. Bc5 $14 {/\} Rxa2 $2 27. Ba3 Nf4 28. Bb1 Ra1 29. Bxh7+
$18) 23. Qxc3 Rxe3 24. Rfe1 Rxe1+ 25. Rxe1 Be6 $15 26. Bb3 Rd8 27. Qe3 a6 28.
f4 Qf6 (28... g6 $2 29. f5 $13) (28... Qd6 $5 29. Rd1 Bd5 30. Bxd5 cxd5 31. Rd4
$44 {><d4, d5}) 29. Qb6 Bxb3 30. axb3 h5 (30... h6 $5) 31. Qxb7 Qd4+ 32. Kh1
Qe4 $1 {Die Dame darf wegen Matt nicht geschlagen werden.} 33. Rg1 h4 34. h3 f5
(34... Rd3 $2 35. Qc8+) 35. Qxa6 Rd3 (35... Rd2 $5 $15) 36. Kh2 (36. Qc4+ $142
$10) 36... Qxf4+ 37. Kh1 Qe4 $15 38. Kh2 (38. Qc4+ $15) 38... Qe5+ (38... Rxb3
$19) 39. Kh1 Qd5 40. Kh2 Qd6+ 41. Kh1 Qd5 42. Kh2 Kh7 (42... Rxb3 43. Qc8+ Kh7
(43... Kf7 44. Re1 Rxb2 45. Qe8+ Kf6 46. Qe7+ Kg6 47. Qe8+ Kg5 48. Qe7+ Kh5 49.
Qxg7) 44. Qe8 $1 f4 45. Rd1 $1 $10) 43. Qc4 Qe5+ 44. Kh1 Qe4 45. Kh2 Rd4 46.
Qc3 Qe5+ 47. Kh1 Qd5 48. Kh2 Rd2 49. Qb4 Rd4 50. Qc3 c5 51. Rf1 Rd2 52. Qf3 (
52. Qf3 Qxf3 53. Rxf3 Kg6 54. Rc3 Rxb2 55. Rxc5 Rxb3 56. Kg1 $1 {<->a1-h1} Kg5
57. Rc4 $10) 1/2-1/2

[Event "Hastings 9293"]
[Site "Hastings"]
[Date "1992.??.??"]
[Round "5"]
[White "Nunn, John DM"]
[Black "Bareev, Evgeny"]
[Result "0-1"]
[WhiteElo "2595"]
[BlackElo "2670"]
[Annotator "Ernst,T"]
[PlyCount "78"]
[EventDate "1992.12.??"]
[EventType "tourn"]
[EventRounds "14"]
[EventCountry "ENG"]
[EventCategory "13"]
[SourceTitle "CBM 033"]
[Source "ChessBase"]
[SourceDate "1993.04.01"]
[SourceVersion "1"]
[SourceVersionDate "1993.04.01"]
[SourceQuality "1"]

1. e4 e5 2. Nf3 Nc6 3. Nc3 Nf6 4. Bb5 Nd4 5. Ba4 c6 $5 (5... Bc5 {Die
klassische Hauptvariante.} 6. Nxe5 O-O 7. Nd3 Bb6 8. e5 Ne8 9. Nd5 $1 (9. O-O
$2 d6 10. exd6 Nf6 11. d7 Bxd7 12. Bxd7 Qxd7 13. Ne1 Rae8 14. d3 Ng4 15. Nf3
Nxf3+ 16. Qxf3 Nxf2 17. Nd5 Nxd3+ $1 18. Nxb6 Qd4+ $15 {Huebner,R}) 9... d6 10.
Ne3 $1 {Short's Neuerung.} (10. c3 $2 Qh4 $1 (10... dxe5 $6 11. Nxb6 axb6 12.
cxd4 Qxd4 13. Bc2 Bf5 $5 $44) 11. Ne3 Qe4 12. Nb4 dxe5 13. cxd4 exd4 14. Bc2
$13 (14. Qc2 $6 Qe5 {/\} 15. f4 $2 Qxf4 16. Nc4 Qh4+ 17. Kf1 d3 18. Nxd3 Bf5
19. Nxb6 axb6 20. Bb3 Rd8 $19)) 10... c6 (10... Qe7 11. exd6 Nxd6 12. O-O c6
13. c3 N4f5 14. Ne1 Ne4 15. Bc2 Re8 16. d4 (16. Nf3 $5 Nxe3 17. fxe3 Bg4 18.
Qe1 Rad8 19. Nd4 Bc7 $13) 16... Bc7 17. Nd3 $5 Qh4 18. Ne5 $8 Bxe5 19. dxe5
Rxe5 20. f3 $6 Nxe3 21. Bxe3 Nxc3 22. Qe1 Qe7 $1 $8 23. Qxc3 Rxe3 24. Rfe1
Rxe1+ 25. Rxe1 Be6 26. Bb3 $44 Rd8 27. Qe3 a6 28. f4 $1 $14 {Nikolenko,
O-Makarichev,S/URS-ch/1991/1/2-1/2/52/} Qf6) (10... Qg5 11. f4 $6 (11. exd6
Nxd6 12. O-O N6f5 $2 (12... Bh3 $2 13. Kh1 $16 {/\} Nxc2 14. Bxc2 Bxe3 15. gxh3
) (12... N4f5 13. Ne1 Nxe3 (13... Nh4 14. d4 $16) 14. fxe3 Bg4 15. Nf3 Qh5 16.
Qe1 c6 {/\ <<ae8@}) 13. c3 (13. Ne1 $5 Nxe3 (13... Nh4 14. c3 Ne6 15. d4 Nf4
16. Kh1 $16) 14. dxe3 Nc6 15. Bxc6 bxc6 16. Qf3 {/\ []d3<<}) 13... Nxe3 14.
dxe3 (14. fxe3 Bg4 15. Qe1 Be2) 14... Bh3 (14... Bg4 15. exd4 Bxd1 16. Bxg5
Bxa4 17. Rfe1 $16) 15. Ne1 Nc6 {Nunn,J-Huebner,R/Munich/1991/1/2-1/2/30/} (
15... Ne6 16. Kh1 Bg4 17. f3 Bh5 18. e4 $16) 16. Bxc6 $1 bxc6 17. Kh1 Be6 18.
Qe2 $16) 11... Qh4+ (11... Qg6 12. O-O f6 $1 13. exd6 (13. Kh1 $5 c6 $13) 13...
Nxd6 14. Nf2 N4f5 15. Nd5 $6 (15. Qg4 $6 Qh6 $1 $15) (15. Qf3 Nxe3 $5 (15...
Nd4 16. Qd1 $10) 16. dxe3 Bf5 $44) 15... Kh8 16. Nxb6 axb6 17. c3 $2 Rxa4 $1
18. Qxa4 Nh4 19. g3 Nf3+ 20. Kg2 Nh4+ 21. Kg1 Nf3+ 22. Kg2 Be6 $19 {Short,
N-Timman,J/Linares/1992/0-1/28/}) 12. g3 Qh3 13. c3 $1 (13. Nf2 Qe6 $1 $40)
13... Nf5 14. Nf2 Nxe3 15. dxe3 Qh6 $1 (15... Qg2 $2 16. Bc2 {/\ >>e4}) 16.
exd6 Nxd6 17. O-O Bf5 $44) (10... Qh4 $5 11. O-O Be6 12. c3 Ne2+ $1 (12... Nf5
13. Bb3 $16) 13. Kh1 (13. Qxe2 Qxa4 $44) 13... Bxe3 (13... Rd8 14. Bxe8 Nxc1
15. Bxf7+ Rxf7 16. Rxc1 $16) 14. dxe3 (14. Qxe2 Bxf2 15. Qxf2 (15. Bxe8 $2 Bg3)
15... Qxa4 16. Nf4 Bd7 $13) 14... Nxc1 15. Rxc1 Rd8 (15... Bc4 16. Bb3 Bxd3 17.
Qxd3 dxe5 18. Qd5 $16) (15... dxe5 16. Nxe5 Rd8 17. Nf3 Rxd1 18. Nxh4 Rxf1+ 19.
Rxf1 Bxa2 20. Ra1 Bc4 21. Bxe8 Rxe8 22. Rxa7 Rd8 23. h3 $16) 16. Bb3 $14 {
Nunn,J-Christiansen/BL 9192/1991/1-0/57/} dxe5) (10... dxe5 11. Nxe5 Qg5 $1 12.
N5c4 (12. Nf3 Nxf3+ 13. Qxf3 Bxe3 14. Bxe8 (14. fxe3 $2 Qh4+ $19) (14. dxe3 $2
Qa5+ $19) 14... Bxf2+ $17) (12. Nd7 Bxd7 13. Bxd7 f5 $17) (12. Nd3 {/\ 12...f5
13.f4} Bf5 $1 $44 {Geenen,M}) 12... f5 13. c3 f4 $1 14. cxd4 fxe3 15. Nxe3 Bxd4
$15 {Bogaerts,J-Geenen,M/BEL/1991/}) 11. c3 Ne6 (11... Nf5 12. O-O Bc7 13. f4
Nxe3 $1 (13... dxe5 14. Nxe5 Nxe3 15. dxe3 $14 {Short,N-Speelman,J (08)/London
cm/1991/1/2-1/2/30/}) 14. dxe3 Bf5 $1 15. exd6 (15. Bc2 $5 Qe7 $1 (15... dxe5
$2 16. Nxe5 (16. fxe5 Bxd3 17. Bxd3 Qe7 $13) 16... Bxc2 17. Qxc2 Bxe5 18. fxe5
Qe7 19. Qf5 $16)) 15... Nxd6 16. Ne5 $5 (16. Nf2 Re8 17. g4 $5 Be4 18. Nxe4
Nxe4 19. Qf3 Nd2 $1 $13) 16... Qe7 17. Qe2 Rad8 18. Nf3 c5 19. Bc2 Rfe8 20. c4
$1 $14 {Rodriguez,Am-Perez,Ro/CUB/1992/1/2-1/2/48/} a6 $6) 12. Bc2 $1 (12. O-O
Bc7 13. f4 dxe5 14. Nxe5 Nxf4 $10) 12... dxe5 (12... Bc7 13. exd6 Qxd6 14. Nf5
$1 Qd8 15. O-O $16) 13. Nxe5 Bxe3 14. dxe3 $1 (14. fxe3 Qg5 $132) 14... Qg5 15.
Nf3 Qxg2 16. Rg1 Qh3 17. Rg3 Qh5 18. e4 $1 Nf6 19. Qe2 Re8 20. Be3 Nf8 21.
O-O-O $1 $16 {Rodriguez,Am-Armas,J/CUB/1992/}) 6. d3 (6. Nxe5 d6 (6... b5 7.
Bb3 Nxb3 8. axb3 b4 9. Ne2 Nxe4 {Nepeina,M-Korkina,S/Moscow-W/1990/1-0/43/}) 7.
Nf3 Bg4 8. d3 Nd7 9. Be3 Nxf3+ 10. gxf3 Bh5 11. d4 Qf6 12. Rg1 Qxf3 13. Qxf3
Bxf3 {Wells,P-Hebden,M/Hastings-B/1991/0-1/52/}) 6... b5 (6... d6 7. Nxd4 exd4
8. Ne2 Qa5+ 9. c3 dxc3 10. bxc3 Be7 11. Bc2 Qh5 12. f3 {Lanc,A-Horvath,Im/
Stary Smokovec/1986/1-0/30/}) 7. Bb3 Nxb3 8. axb3 d6 9. O-O Be7 10. Ne2 O-O 11.
Ng3 c5 12. c4 $1 Qc7 13. Ne1 Bg4 14. f3 Be6 15. Nc2 Nd7 16. Kh1 Rfe8 17. Ne2
Qb7 18. Nc3 a6 19. Qe1 $2 {Nunn} (19. Ne3 $14 {Nunn}) 19... f5 $1 $17 20. Ne3
f4 21. Ned5 b4 22. Nd1 Nf8 23. g3 g5 24. Nf2 Bd8 25. Rg1 Ng6 26. Bd2 a5 27. Qe2
Ra7 28. Ng4 Qg7 29. Raf1 Kh8 30. Qg2 h5 31. Nf2 Rf8 32. h4 fxg3 33. Qxg3 Nxh4
34. Bxg5 Bxg5 35. Qxg5 Nxf3 36. Qxg7+ Rxg7 37. Rxg7 Kxg7 38. Nd1 Bh3 39. Rf2
Nd4 0-1

[Event "Odorheiu Secuiesc"]
[Site "Odorheiu Secuiesc"]
[Date "1993.??.??"]
[Round "9"]
[White "Istratescu, Andrei"]
[Black "Wells, Peter K"]
[Result "1-0"]
[WhiteElo "2470"]
[BlackElo "2485"]
[Annotator "Ernst,T"]
[PlyCount "59"]
[EventDate "1993.05.??"]
[EventType "tourn"]
[EventRounds "11"]
[EventCountry "ROU"]
[EventCategory "12"]
[SourceTitle "CBM 036"]
[Source "ChessBase"]
[SourceDate "1993.10.01"]
[SourceVersion "1"]
[SourceVersionDate "1993.10.01"]
[SourceQuality "1"]

1. e4 e5 2. Nf3 Nc6 3. Nc3 Nf6 4. Bb5 Nd4 5. Ba4 c6 $5 (5... Bc5) 6. Nxe5 (6.
d3 b5 7. Bb3 Nxb3 8. axb3 d6 9. O-O Be7 10. Ne2 $14 {Nunn-Bareev/Hastings/1992/
93/}) 6... d5 (6... b5 $6) 7. d3 $1 (7. O-O Bd6 8. f4 b5 9. Bb3 {0.5-0.5
Short-Piket.Je/Debrecen/1992/}) 7... Bd6 8. f4 (8. Nf3 Bg4 $14) 8... dxe4 9.
dxe4 Bxe5 10. fxe5 Ng4 11. O-O O-O (11... Nxe5 12. Be3 Ne6 13. Qh5 Ng6 14. Rad1
$16) 12. h3 Nxe5 13. Be3 c5 14. Nd5 Ne6 (14... b5 $2 15. Bxd4 $18) 15. Qh5 Nc4
16. Rae1 Nxe3 17. Rxe3 $16 Bd7 18. Bxd7 Qxd7 19. Rd3 Qa4 20. Rg3 Kh8 21. Rg4
Qd4+ 22. Kh2 g6 (22... Qxb2 23. c3 $44) 23. Qh6 Qg7 24. Qe3 f6 $2 (24... Qd4
$16) 25. Rg3 Rae8 26. Qd3 Nd4 27. c3 Nc6 28. Rf4 Re6 29. Qc4 b6 (29... Rfe8 30.
Qxc5 Rxe4 31. Rxf6 $16) 30. Nxb6 1-0